000 01017cam a22002054a 4500
005 20250605164122.0
008 250528s ||||||||||||||||||||||||d
035 _a18326
020 _a1840140429
040 _aGR-AtMCL
_bgre
_dGR-AtMCL
_eAACR2
245 1 _aThe American Political Process / Sixth Edition
250 _a6th
260 _bAshgate,
_c1997
300 _a384
520 _aThis book examines both the formal and informal institutions of government and analyses how these bodies interact in the making of public policy in the United States in order to provide an understanding of contemporary American politics. The Framework of American Politics, Making the Laws: The American Congress, Law Execution: The President and Administration, Law Adjudication: The Supreme Court and the Judiciary, Pressure Group Politics, Party Politics, Elections and Voting, Federalism and Regional Diversity, Appendices, Index.
700 1 _aGrant Alan
_94599
942 _cBK
999 _c3689
_d3689